000 00598nam a2200169 i 4500
001 62199
003 ES-MaACL
005 20230906164626.0
007 t|
008 031118m19681969sp ||||1| spa d
111 2 _aFeria Técnica Internacional de la Maquinaria Agrícola (
_cZaragoza)
_9744
245 1 0 _aCatálogo oficial /
_cFeria Técnica Internacional de la Maquinaria Agrícola, Zaragoza, 1968-1969.
260 _aZaragoza :
_b[s.n.,
_c1968-1969] (
_fTall. Gráf. "La Editorial")
300 _a2 v. :
_bil. ;
_c22 cm.
500 _aSon los años 2 y 3.
852 _aES-MaACL
_jP-1722
_bR.65977
999 _c62199
_d62199